000 004510000a22001810004500
003 MACL
005 20151222122913.0
008 151222b xxu||||| |||| 00| 0 eng d
040 _aMACL
_cMACL
041 _aEnglish
082 _a200/KEI
100 _aKeith, Arthur Berriedale
_921815
245 _aRigveda Brahmanas
260 _bHarvard University Press
_c1920
_aEnglend
350 _a40
650 _aReligion
_921816
942 _cBK
_k200/KEI
_2ddc
999 _c40520
_d40520